| 000 | 00896nam a2200253 a 4500 | ||
|---|---|---|---|
| 005 | 20250611063910.0 | ||
| 008 | 060324s20022006mx r 000 0 spa d | ||
| 020 | _a9871004060 (10 dígitos) | ||
| 020 | _a9789871004065 (13 dígitos) | ||
| 035 | _aUPN01000143477 | ||
| 049 | _aCG | ||
| 050 | 4 |
_aLB1028.24 _bS2.4 2002 |
|
| 100 | 1 | _aSagastizabal, María Angeles | |
| 245 | 1 | 3 |
_aLa investigación-acción : _bcomo estrategia de cambio en las organizaciones : cómo investigar en las instituciones educativas / _cMaría Angeles Sagastizabal, Claudia L. Perlo. |
| 250 | _a2a ed. | ||
| 260 |
_aBuenos Aires : _bLa Crujía, _c2002. |
||
| 300 | _a268 p. | ||
| 440 | 0 | _aItinerarios | |
| 650 | 2 |
_aInvestigación-Acción en Educación _98343 |
|
| 650 | 4 |
_aEducación _xMetodología _912791 |
|
| 650 | 4 |
_aEducación _xInvestigación _94070 |
|
| 700 | 1 |
_aPerlo, Claudia L., _ecoaut. |
|
| 905 | _aLibro | ||
| 999 |
_c115624 _d115624 |
||